000 00634nam a22001937a 4500
003 OSt
005 20191029062713.0
008 180320b xxu||||| |||| 00| 0 spa d
020 _a9502008905
040 _cPJ
100 _9341
_aFarrell, Martín Diego
245 _aMétodos de la ética /
_cMartín Diego Farrell.
260 _aBuenos Aires :
_bAbeledo Perrot,
_c1994.
300 _a286 p.
_c23 cm.
500 _aCitas y notas bibliográficas a pie de algunas páginas.
505 _aContenido: I. El egoísmo -- II. El intuicionismo -- III.El utilitarismo.
650 0 _aÉTICA
_9252
942 _2udc
_cLIB
_h17.01
_iFAR
999 _c308
_d308